000 01490cam a22003977a 4500
001 14387961
003 OSt
005 20150408114156.0
008 060524s2004 si a b 001 0 eng d
010 _a 2006276584
020 _a9781860944482
020 _a1860944485 (pbk.)
035 _a(OCoLC)ocm57048731
040 _aSINIE
_cSINIE
_dCUY
_dOCLCQ
_dMEA
_dIAI
_dOCL
_dVP@
_dIXA
_dBAKER
_dMUQ
_dNLGGC
_dDLC
042 _alccopycat
050 0 0 _aQB981
_b.G58 2004
082 _222
_a520
_bGNA
084 _a39.30
_2bcl
100 1 _aGlendenning, Norman K.
_940638
245 1 0 _aAfter the beginning :
_ba cosmic journey through space and time /
_cNorman K. Glendenning.
246 3 0 _aCosmic journey through space and time
260 _aSingapore ;
_aHackensack, NJ :
_bWorld Scientific ;
_aLondon :
_bImperial College Press,
_cc2004.
300 _axvii, 208 p. :
_bill. (some col.) ;
_c24 cm.
504 _aIncludes bibliographical references (p. 198-200) and index.
650 0 _aCosmology.
_98827
650 6 _aCosmologie.
_940639
650 1 7 _aKosmologie.
_2gtt
_940640
650 1 7 _aOerexplosie.
_2gtt
_940641
650 1 7 _aBuitenaardse ruimte.
_2gtt
_940642
650 1 7 _aTijd.
_2gtt
_940643
651 6 _aUnivers.
_940644
856 4 1 _3Table of contents only
_uhttp://www.loc.gov/catdir/toc/fy0612/2006276584.html
906 _a7
_bcbc
_ccopycat
_d2
_encip
_f20
_gy-gencatlg
942 _2ddc
_cDVD
999 _c32418
_d266918